Mata akal Mata Hati

Bibliographic Details
Main Author: Muhaya Hj Mohamad
Format: Book
Language:Malay
Published: Kuala Lumpur : As-Sohwah , 2013
Subjects:

MARC

LEADER 00000cam a2200000 7i4500
001 0000026555
005 20151007.0
008 061015 my a may
020 |a 9789670466040 ,   |c RM25.00 
040 |a INS 
090 0 0 |a S36   |b M84 2013 
100 1 |a Muhaya Hj Mohamad 
245 1 0 |a Mata akal Mata Hati   |c Muhaya Hj Mohamad 
260 |a Kuala Lumpur :   |b As-Sohwah ,   |c 2013 
300 |a viii,118ms. :   |b ill. ;   |c 22cm. 
650 0 |a Motivation (Psychology) 
650 0 |a Self-actualization (Psychology) 
999 |a 1000002441   |b BOOK   |c Open Shelf   |e Default branch